[Event "FH 6"]
[Site "SchemingMind.com"]
[Date "2022.08.03"]
[Round "-"]
[White "Kenny Elliott"]
[Black "Derek Price"]
[Result "0-1"]
[WhiteCountry "USA"]
[BlackCountry "ENG"]
[WhiteElo "1523"]
[WhiteRD "70"]
[BlackElo "2376"]
[BlackRD "74"]
[GameID "725673"]

1. d4 d5 2. Nf3 Nf6 3. Nc3 e6 4. Bg5 Be7 5. e3 Nbd7 6. Bd3 O-O 7. O-O c5 8. a4 h6 9. Bh4 b6 10. Qb1 Bb7
11. b3 Rc8 12. Ne2 c4 13. bxc4 dxc4 14. Bxc4 Rxc4 15. Ne5 Nxe5 16. dxe5 Rxh4 17. exf6 Bxf6 18. Ra2 Qd5 19. f3 Qe5 20. g3 Qxe3+
21. Rf2 Rxh2 22. c4 Qxf2#
0-1

[Event "FH 6"]
[Site "SchemingMind.com"]
[Date "2022.08.06"]
[Round "-"]
[White "malcolm chugg"]
[Black "Kenny Elliott"]
[Result "0-1"]
[WhiteCountry "WLS"]
[BlackCountry "USA"]
[WhiteElo "1187"]
[WhiteRD "52"]
[BlackElo "1556"]
[BlackRD "71"]
[GameID "725675"]

1. e3 e5 2. Nf3 e4 3. Nd4 d5 4. Bb5+ Bd7 5. Qe2 c6 6. Ba4 Nf6 7. h3 Bc5 8. Nb3 Qe7 9. d4 Bxd4 10. Nxd4 Qb4+
11. Qd2 Qxa4 12. b3 Qa6 13. f3 c5 14. Ne2 Be6 15. Nf4 Nbd7 16. Ne2 Qd6 17. Nbc3 exf3 18. gxf3 O-O 19. Ba3 Qe5 20. O-O-O b5
21. f4 Qh5 22. Bb2 a6 23. Kb1 b4 24. Na4 Ne4 25. Qe1 f6 26. Qf1 Qe8 27. f5 Bf7 28. Qf3 Rb8 29. c3 Ne5 30. Qg2 Qc8
31. Rhf1 bxc3 32. Bxc3 Nxc3+ 33. Naxc3 c4 34. Nxd5 cxb3 35. Ne7+ Kh8 36. Nxc8 bxa2+ 37. Kc2 Rfxc8+ 38. Kd2 Rb2+ 39. Ke1 Rb1 40. Kf2 Nd3+
41. Rxd3 Bc4 42. Rdd1 Bxe2 43. Kxe2 Rc2+ 44. Rd2 Rxd2+ 45. Kxd2 Rb2+
0-1

[Event "FH 6"]
[Site "SchemingMind.com"]
[Date "2022.08.03"]
[Round "-"]
[White "krzysztof"]
[Black "Kenny Elliott"]
[Result "1-0"]
[WhiteCountry "POL"]
[BlackCountry "USA"]
[WhiteElo "1515"]
[WhiteRD "81"]
[BlackElo "1523"]
[BlackRD "70"]
[GameID "725676"]

1. Na3 e5 2. b3 d5 3. e3 Nf6 4. Bb2 Bc5 5. d4 exd4 6. exd4 Bb4+ 7. c3 Bd6 8. b4 O-O 9. Bd3 Re8+ 10. Ne2 Bg4
11. f3 Bd7 12. Qc2 b6 13. O-O-O Nc6 14. Nb5 Bf8 15. g4 a6 16. Na3 Re3 17. Rdf1 Bd6 18. h4 g6 19. Kb1 Qe7 20. Bc1 Re6
21. Bg5 Kg7 22. h5 Re8 23. hxg6 hxg6 24. Bh6+ Kg8 25. Rf2 Qd8 26. Bxg6 Bf8 27. Bxf8 Rxf8 28. Rfh2
1-0

[Event "FH 6"]
[Site "SchemingMind.com"]
[Date "2022.08.03"]
[Round "-"]
[White "Chessibelle"]
[Black "Kenny Elliott"]
[Result "0-1"]
[WhiteCountry "ENG"]
[BlackCountry "USA"]
[WhiteElo "1131"]
[WhiteRD "69"]
[BlackElo "1523"]
[BlackRD "70"]
[GameID "725677"]

1. Nf3 Nc6 2. d4 d5 3. e3 Bg4 4. Be2 e6 5. O-O Nf6 6. b3 Bd6 7. g3 O-O 8. Nbd2 Bh3 9. Re1 Ng4 10. c4 Qf6
11. Qc2 Qh6 12. Nh4 Nxe3 13. Qc3 Nf5 14. Ndf3 Qf6 15. Bd1 Nxh4 16. Nxh4 Nxd4 17. Re3 Be5 18. Rb1 Ne2+ 19. Bxe2 Bxc3
0-1

[Event "FH 6"]
[Site "SchemingMind.com"]
[Date "2022.08.03"]
[Round "-"]
[White "Kenny Elliott"]
[Black "JAHI"]
[Result "0-1"]
[WhiteCountry "USA"]
[BlackCountry "INT"]
[WhiteElo "1556"]
[WhiteRD "71"]
[BlackElo "2157"]
[BlackRD "69"]
[GameID "725678"]

1. d4 a6 2. e4 g6 3. Nf3 Bg7 4. Nc3 Kf8 5. e5 d6 6. Be2 Nc6 7. O-O dxe5 8. d5 Nd4 9. Be3 Nxf3+ 10. Bxf3 Nf6
11. Qd2 h6 12. a3 Kg8 13. Rab1 Bf5 14. Bd1 Ne4 15. Nxe4 Bxe4 16. f4 Qxd5 17. Qxd5 Bxd5 18. fxe5 Bxe5 19. b3 Rd8 20. Bf3 e6
21. Rbd1 Kg7 22. c4 Bxf3 23. Rxd8 Rxd8 24. gxf3 Rd3 25. Re1 Rxb3 26. Bxh6+ Kxh6 27. Rxe5 Rxf3 28. a4 Rf4 29. Rc5 c6 30. Kg2 f6
31. Kg3 g5 32. h3 e5 33. a5 Kg6 34. Kg2 e4
0-1

[Event "FH 6"]
[Site "SchemingMind.com"]
[Date "2022.08.06"]
[Round "-"]
[White "Arnold Jones"]
[Black "Kenny Elliott"]
[Result "1/2-1/2"]
[WhiteCountry "ENG"]
[BlackCountry "USA"]
[WhiteElo "1558"]
[WhiteRD "63"]
[BlackElo "1556"]
[BlackRD "71"]
[GameID "725679"]

1. d4 d5 2. g3 Bf5 3. Bg2 Nf6 4. Bf4 Nc6 5. Nc3 e6 6. Nf3 Bb4 7. O-O Bxc3 8. bxc3 O-O 9. Qb1 Rb8 10. a4 a5
11. Nd2 Re8 12. c4 Nxd4 13. e4 dxe4 14. Re1 e5 15. Be3 Be6 16. c5 Qd5 17. Nb3 Nxb3 18. Rd1 Qc6 19. cxb3 Bd5 20. Bf1 Qe6
21. b4 axb4 22. Qxb4 c6 23. a5 h5 24. Bg2 g6 25. h3 Kg7 26. Kh2 Rh8 27. Bg5 Qf5 28. Bxf6+ Qxf6 29. Kg1 e3 30. fxe3 Bxg2
31. Kxg2 Qe6 32. Rd6 Qe7 33. Rf1 f5 34. Rfd1 Qg5 35. Rd7+ Kh6 36. Kf2 e4 37. Rxb7 Rxb7 38. Qxb7 f4 39. exf4 Qxc5+ 40. Ke2 Qxa5
41. Qxc6 Qa2+ 42. Rd2 Qa3 43. Qxe4 Qxg3 44. Rd6 Qh2+ 45. Kd3 Qxh3+ 46. Kd4 Qg4 47. Rf6 Rd8+ 48. Ke3 Qg1+ 49. Kf3 Qf1+ 50. Kg3 Rd3+
51. Qxd3 Qxd3+ 52. Kg2 Qe2+ 53. Kh1 h4 54. f5 Kh5 55. Rxg6 h3 56. Rg7 Qf1+ 57. Kh2 Qxf5 58. Rh7+ Kg4 59. Rg7+ Kf4 60. Rg3 Ke4=
1/2-1/2

[Event "FH 6"]
[Site "SchemingMind.com"]
[Date "2022.08.03"]
[Round "-"]
[White "Kenny Elliott"]
[Black "Mahlon Miller"]
[Result "1-0"]
[WhiteCountry "USA"]
[BlackCountry "USA"]
[WhiteElo "1572"]
[WhiteRD "70"]
[BlackElo "1000"]
[BlackRD "147"]
[GameID "725680"]

1. d4 Nf6 2. Nc3 g6 3. Nf3 Bg7 4. e4 d6 5. Bc4 O-O 6. O-O e5 7. a3 exd4 8. Nxd4 Ne8 9. Nde2 Nc6 10. Rb1 Be6
11. Nd5
1-0

[Event "FH 6"]
[Site "SchemingMind.com"]
[Date "2022.08.03"]
[Round "-"]
[White "malcolm chugg"]
[Black "Derek Price"]
[Result "0-1"]
[WhiteCountry "WLS"]
[BlackCountry "ENG"]
[WhiteElo "1215"]
[WhiteRD "55"]
[BlackElo "2376"]
[BlackRD "74"]
[GameID "725681"]

1. e3 Nf6 2. d3 d5 3. Nd2 e5 4. Ngf3 Bd6 5. e4 O-O 6. c4 dxe4 7. dxe4 a5 8. Be2 Nbd7 9. O-O Nc5 10. Qc2 b6
11. Ne1 Bb7 12. f3 Ne6 13. Rf2 Bc5 14. Nd3 Bxf2+ 15. Nxf2 Nd4 16. Qd3 Qe7 17. Nb3 Nxe2+ 18. Qxe2 a4 19. Nd2 Nh5 20. g3 f5
21. b3 fxe4 22. fxe4 Qg5 23. Nf3 Nxg3 24. hxg3 Qxg3+ 25. Kf1 Rxf3 26. b4 Raf8 27. Ke1 Rxf2 28. Qe3 Qg1#
0-1

[Event "FH 6"]
[Site "SchemingMind.com"]
[Date "2022.08.03"]
[Round "-"]
[White "Chessibelle"]
[Black "Derek Price"]
[Result "0-1"]
[WhiteCountry "ENG"]
[BlackCountry "ENG"]
[WhiteElo "1131"]
[WhiteRD "69"]
[BlackElo "2376"]
[BlackRD "74"]
[GameID "725683"]

1. Nf3 Nf6 2. h3 b6 3. d4 Bb7 4. e3 e6 5. Bd2 Be7 6. Be2 O-O 7. O-O d5 8. c3 c5 9. Nh2 Nc6 10. a3 Bd6
11. g3 e5 12. f4 exd4 13. Nf3 dxe3 14. Bxe3 Re8 15. b4 Rxe3 16. h4 d4 17. Kg2 Qd7 18. Rh1 dxc3 19. Qc2 Nd4 20. Qd1 Rxe2+
21. Kf1 Bxf3 22. Rg1 Qh3+
0-1

[Event "FH 6"]
[Site "SchemingMind.com"]
[Date "2022.08.03"]
[Round "-"]
[White "Derek Price"]
[Black "JAHI"]
[Result "1-0"]
[WhiteCountry "ENG"]
[BlackCountry "INT"]
[WhiteElo "2375"]
[WhiteRD "69"]
[BlackElo "2167"]
[BlackRD "66"]
[GameID "725684"]

1. c4 a6 2. g3 h6 3. Nc3 h5 4. Bg2 h4 5. d4 d6 6. gxh4 Rxh4 7. Nf3 Rh8 8. Bf4 g6 9. Qb3 Bg7 10. O-O-O Kf8
11. c5 Nc6 12. Ng5 Nh6 13. e3 f6 14. Ne6+ Bxe6 15. Qxe6 Qc8 16. Qb3 g5 17. Bg3 Nf5 18. Bd5 Na5 19. Qa4 Nc6 20. Bb3 Nd8
21. Qc4 e6 22. e4 Nxg3 23. fxg3 b6 24. cxd6 cxd6 25. Qd3 Nb7 26. Kb1 Na5 27. e5 dxe5 28. dxe5 f5 29. Qd6+ Kf7 30. Ne4 Nxb3
31. Nxg5+ Kg8 32. axb3 Rh6 33. Rc1 Qb7 34. h4 Bf8 35. Qd3 Be7 36. Rhd1 Re8 37. Qe3 Rh5 38. Qe2 Rh6 39. Ka2 Bxg5 40. hxg5 Rh7
41. Rd6 Qg7 42. Rcc6 Qg6 43. Rxb6 Rhe7 44. Qc4 Kh7 45. Rbc6 Kg7 46. Qf4 Rh8 47. Qc4 Rhe8 48. Rc7 Qf7 49. Rxe7 Qxe7 50. g4 fxg4
51. Qxg4 Qc7 52. Rxa6 Qb7 53. Qa4 Re7 54. Qc4 Re8 55. b4 Qd7 56. b5 Kg6 57. Qc6 Qf7 58. b6 Rg8 59. Ra7 Qf5 60. b7 Rb8
61. Ra8 Qxe5 62. Rxb8 Qxb8 63. Qxe6+ Kh5 64. Qh3+ Kg6 65. Qh6+ Kf5 66. Qc6 Qa7+ 67. Kb3 Qe3+ 68. Ka4 Qd2 69. b8=Q Qd4+ 70. Ka5 Qd2+
71. Ka6 Qe2+ 72. Qbb5+ Qxb5+ 73. Qxb5+ Kg6 74. Qe5 Kh5 75. Qf6 Kh4 76. g6+ Kg4 77. g7 Kh5 78. b4 Kg4 79. g8=Q+ Kh5 80. Qfh8#
1-0

[Event "FH 6"]
[Site "SchemingMind.com"]
[Date "2022.08.05"]
[Round "-"]
[White "Arnold Jones"]
[Black "Derek Price"]
[Result "0-1"]
[WhiteCountry "ENG"]
[BlackCountry "ENG"]
[WhiteElo "1582"]
[WhiteRD "59"]
[BlackElo "2376"]
[BlackRD "74"]
[GameID "725685"]

1. d4 d5 2. Nf3 Nf6 3. Bf4 c5 4. c4 cxd4 5. Qxd4 Nc6 6. Qc3 e5 7. Bd2 d4 8. Qb3 e4 9. Ng5 h6 10. Nxf7 Kxf7
11. c5+ Kg6 12. Qg3+ Kh7 13. b4 a5 14. b5 Nb4 15. Bxb4 axb4 16. Qe5 b3 17. a3 b2 18. Ra2 Qa5+ 19. Kd1 Qa4+ 20. Kd2 Qb3
21. Qxd4 Qxa2 22. Kc2 Rxa3 23. Qxb2 Qc4+ 24. Nc3 e3 25. Qxa3 Bf5+ 26. Kb2 Bxc5 27. Qb3 Qd4 28. fxe3 Qd2+ 29. Ka1 Ra8+ 30. Na4 Qc1+
31. Ka2 Rxa4+ 32. Qxa4 Qb1#
0-1

[Event "FH 6"]
[Site "SchemingMind.com"]
[Date "2022.08.03"]
[Round "-"]
[White "Derek Price"]
[Black "Mahlon Miller"]
[Result "1-0"]
[WhiteCountry "ENG"]
[BlackCountry "USA"]
[WhiteElo "2377"]
[WhiteRD "72"]
[BlackElo "1000"]
[BlackRD "147"]
[GameID "725686"]

1. c4 c5 2. Nf3 Nf6 3. Nc3 Nc6 4. g3 d5 5. cxd5 Nxd5 6. Bg2 e6 7. O-O Be7 8. d4 O-O 9. Nxd5 exd5 10. dxc5 Bxc5
11. Bg5 Qd6 12. Rc1 Ne5 13. Bf4 Bf5 14. Bxe5 Qc6 15. b4 f6 16. Rxc5 Qb6 17. Bc3 Rac8 18. Qxd5+
1-0

[Event "FH 6"]
[Site "SchemingMind.com"]
[Date "2022.08.03"]
[Round "-"]
[White "Kenny Elliott"]
[Black "Gilligan"]
[Result "0-1"]
[WhiteCountry "USA"]
[BlackCountry "USA"]
[WhiteElo "1556"]
[WhiteRD "71"]
[BlackElo "1705"]
[BlackRD "67"]
[GameID "725687"]

1. d4 d5 2. Nf3 e6 3. Bf4 Bd6 4. Bxd6 cxd6 5. e3 Nd7 6. Bd3 Ngf6 7. O-O O-O 8. Nc3 Re8 9. a4 b6 10. b4 Bb7
11. Nb5 Nb8 12. Nc3 e5 13. dxe5 dxe5 14. Qb1 e4 15. Bxe4 dxe4 16. Nd4 a6 17. Rd1 Qc7 18. Nce2 Ng4 19. g3 Re5 20. Rc1 Rh5
21. h4 Rxh4 22. Nf4 Qd6 23. gxh4 Qh6 24. Ng2 g5 25. Kf1 gxh4 26. Ke2 h3 27. Rh1 Qh5 28. Ke1 h2 29. Nf4 Qh4 30. Kd2 Qxf2+
31. Kc3 Qxe3+ 32. Kb2 Qxd4+ 33. c3 Qd2+ 34. Ka3 Qxf4 35. Rf1 Qe5 36. Qb3 Bd5 37. c4 Be6 38. Rad1 b5 39. Rd8+ Kg7 40. a5 Ra7
41. Qh3 Nc6 42. Re8 Nd4 43. Rxe6 Qxe6 44. Qg3 h5 45. Qf4 Nf3 46. Rxf3 exf3 47. Qxf3 Re7
0-1

[Event "FH 6"]
[Site "SchemingMind.com"]
[Date "2022.08.03"]
[Round "-"]
[White "Derek Price"]
[Black "Gilligan"]
[Result "1-0"]
[WhiteCountry "ENG"]
[BlackCountry "USA"]
[WhiteElo "2376"]
[WhiteRD "74"]
[BlackElo "1647"]
[BlackRD "65"]
[GameID "725688"]

1. c4 e5 2. Nc3 Nf6 3. Nf3 d6 4. g3 Be7 5. Bg2 O-O 6. O-O Nbd7 7. d4 exd4 8. Nxd4 Rb8 9. Nf5 Ne5 10. Nxe7+ Qxe7
11. b3 Be6 12. f4 Ned7 13. f5 Bxc4 14. bxc4 c6 15. Bf4 Rbd8 16. Qxd6 Qe8 17. Rad1 Ng4 18. Qd2 h6 19. h3 Ngf6 20. Bc7 Rc8
21. Bd6 Rd8 22. Bxf8 Qxf8 23. Ne4 Qe7 24. Nxf6+ gxf6 25. Rf4 Nf8 26. Qxd8
1-0

[Event "FH 6"]
[Site "SchemingMind.com"]
[Date "2022.08.03"]
[Round "-"]
[White "Gilligan"]
[Black "malcolm chugg"]
[Result "1-0"]
[WhiteCountry "USA"]
[BlackCountry "WLS"]
[WhiteElo "1647"]
[WhiteRD "65"]
[BlackElo "1215"]
[BlackRD "55"]
[GameID "725690"]

1. e4 e5 2. Nf3 d6 3. d4 Nd7 4. d5 b6 5. Bb5 Bb7 6. O-O a6 7. Ba4 b5 8. Bb3 Nc5 9. c3 Be7 10. Bc2 Nf6
11. Re1 Bc8 12. Nbd2 O-O 13. b4 Qd7 14. bxc5 dxc5 15. Nxe5 Qd6 16. Nef3 Bg4 17. h3 Bd7 18. Bb2 c4 19. e5 Qxd5 20. exf6 Bxf6
21. Be4 Qd6 22. Bxa8 Rxa8 23. Qc2 Qd5 24. Ne4 Qe6 25. Neg5 Qc6 26. Qxh7+ Kf8 27. Qh8#
1-0

[Event "FH 6"]
[Site "SchemingMind.com"]
[Date "2022.08.05"]
[Round "-"]
[White "Gilligan"]
[Black "Transcendent"]
[Result "1-0"]
[WhiteCountry "USA"]
[BlackCountry "ENG"]
[WhiteElo "1582"]
[WhiteRD "63"]
[BlackElo "2119"]
[BlackRD "74"]
[GameID "725691"]

1. e4 e6 2. d4 d5 3. exd5 exd5 4. c4 Nf6 5. Nf3 Bb4+ 6. Bd2 Bxd2+ 7. Nbxd2 O-O 8. b3 Re8+ 9. Be2 Qe7 10. Ne5 Nc6
11. Nxc6 bxc6 12. Nf3 Ba6 13. Ne5 c5 14. O-O cxd4 15. f4 c5 16. Bd3 dxc4 17. bxc4 Rab8 18. Re1 Qd6 19. Rc1 Rb2 20. a4 Bb7
21. Bc2 Ba8 22. a5
1-0

[Event "FH 6"]
[Site "SchemingMind.com"]
[Date "2022.08.03"]
[Round "-"]
[White "kenneth m day"]
[Black "Gilligan"]
[Result "1-0"]
[WhiteCountry "USA"]
[BlackCountry "USA"]
[WhiteElo "1628"]
[WhiteRD "56"]
[BlackElo "1574"]
[BlackRD "70"]
[GameID "725692"]

1. e4 e5 2. Nf3 Nc6 3. c3 d5 4. Qa4 f6 5. d3 Bd7 6. exd5 Nb4 7. Qb3 Na6 8. Be3 b6 9. d4 Bd6 10. Bxa6 Ne7
11. Nbd2 O-O 12. c4 Rb8 13. dxe5 fxe5 14. Ne4 Nf5 15. Bg5 Qe8 16. O-O h6 17. Bd2 Qg6 18. Rae1 Rbe8 19. Bb5 Rd8 20. Bxd7 Rxd7
21. Nxd6 cxd6 22. Qd3 h5 23. Qe4 Qh7 24. Ng5 Qg6 25. Ne6 Re8 26. Ng5 Rde7 27. Ne6 Rf7 28. Ng5 Rfe7 29. h4 Rf8 30. Ne6 Rfe8
31. Bg5 Rf7 32. f4 Qh7 33. fxe5 dxe5 34. Qxe5 a6 35. Rf2 a5 36. Ref1 g6 37. Qc3 Rc8 38. b3 Re8 39. Bf6 Nh6 40. Ng5
1-0

[Event "FH 6"]
[Site "SchemingMind.com"]
[Date "2022.08.03"]
[Round "-"]
[White "Gilligan"]
[Black "krzysztof"]
[Result "1-0"]
[WhiteCountry "USA"]
[BlackCountry "POL"]
[WhiteElo "1647"]
[WhiteRD "65"]
[BlackElo "1515"]
[BlackRD "81"]
[GameID "725693"]

1. e4 Nh6 2. d4 e6 3. c4 c6 4. Nf3 Bb4+ 5. Nc3 c5 6. Be2 Nc6 7. d5 exd5 8. cxd5 Na5 9. O-O b6 10. Nb5 c4
11. b3 c3 12. Qd4 Bf8 13. Bxh6 Bc5 14. Qxg7 Rf8 15. d6 Bxd6 16. Nxd6+ Ke7 17. Qe5#
1-0

[Event "FH 6"]
[Site "SchemingMind.com"]
[Date "2022.08.03"]
[Round "-"]
[White "Gilligan"]
[Black "Chessibelle"]
[Result "1-0"]
[WhiteCountry "USA"]
[BlackCountry "ENG"]
[WhiteElo "1647"]
[WhiteRD "65"]
[BlackElo "1131"]
[BlackRD "69"]
[GameID "725694"]

1. e4 e5 2. Nf3 Nc6 3. Bb5 Nge7 4. O-O g6 5. d4 d6 6. d5 a6 7. Be2 Bg7 8. dxc6 Nxc6 9. Nc3 O-O 10. Nd5 b5
11. b3 Bb7 12. c4 Qd7 13. b4 f5 14. c5 fxe4 15. Qb3 Kh8 16. Nd2 Nd4 17. Qd1 Bxd5 18. Nb3 Qe6 19. Bg4 Qf6 20. Nxd4 exd4
21. Bb2 Bc4 22. Be2 Be6 23. a3 Bh6 24. Bxd4
1-0

[Event "FH 6"]
[Site "SchemingMind.com"]
[Date "2022.08.03"]
[Round "-"]
[White "JAHI"]
[Black "Gilligan"]
[Result "1-0"]
[WhiteCountry "INT"]
[BlackCountry "USA"]
[WhiteElo "2157"]
[WhiteRD "69"]
[BlackElo "1705"]
[BlackRD "67"]
[GameID "725695"]

1. f3 e6 2. f4 d5 3. Nf3 Nf6 4. g3 Bd6 5. Bg2 O-O 6. Kf1 c5 7. d3 Nbd7 8. Nc3 Rb8 9. e3 b6 10. h3 Bb7
11. Rh2 a6 12. Kg1 d4 13. exd4 cxd4 14. Nxd4 Bc5 15. Be3 Nd5 16. Nxd5 exd5 17. Qd2 Nf6 18. c3 Qd7 19. g4 h6 20. Kh1 Bxd4
21. Bxd4 b5 22. Rg1 Qd8 23. g5 hxg5 24. Bf3 Nh7 25. h4 f6 26. hxg5 fxg5 27. fxg5 Rxf3 28. g6 Nf6 29. Qe2 Rf5 30. Qe6+ Kf8
31. Qf7#
1-0

[Event "FH 6"]
[Site "SchemingMind.com"]
[Date "2022.08.05"]
[Round "-"]
[White "Gilligan"]
[Black "Arnold Jones"]
[Result "1-0"]
[WhiteCountry "USA"]
[BlackCountry "ENG"]
[WhiteElo "1647"]
[WhiteRD "65"]
[BlackElo "1582"]
[BlackRD "59"]
[GameID "725696"]

1. e4 e5 2. Nf3 Nc6 3. Bb5 Nge7 4. c3 d6 5. O-O f5 6. d3 h6 7. Re1 g5 8. Bc4 g4 9. Nh4 f4 10. d4 d5
11. exd5 Nxd5 12. Ng6 Rg8 13. Nxe5 Nxe5 14. Bxd5 Rg6 15. Bxf4 Be7 16. Rxe5 Rf6 17. Bg3 c6 18. Bb3 Rd6 19. Bh4 Rd7 20. Qxg4 Rc7
21. Qg6+ Kf8 22. Qg8#
1-0

[Event "FH 6"]
[Site "SchemingMind.com"]
[Date "2022.08.03"]
[Round "-"]
[White "Mahlon Miller"]
[Black "Gilligan"]
[Result "0-1"]
[WhiteCountry "USA"]
[BlackCountry "USA"]
[WhiteElo "998"]
[WhiteRD "149"]
[BlackElo "1692"]
[BlackRD "73"]
[GameID "725697"]

1. e4 e5 2. Nf3 Nc6 3. Bc4 Nf6 4. Nc3 Nxe4 5. O-O Nxc3 6. dxc3 Be7 7. Bxf7+ Kxf7 8. Be3 Rf8 9. Qd5+ Kg6 10. Qe4+ Kf7
11. Qd5+ Kg6 12. Nxe5+ Nxe5 13. Qxe5 Rf5 14. Qe4 d5 15. Qg4+ Rg5 16. Qf3 Bg4 17. Qf4 Qd7 18. h4 Rf8 19. h5+ Bxh5 20. Qd4 Bf6
21. Qc5 Rxg2+ 22. Kxg2 Qg4+ 23. Kh1 Qh3+ 24. Kg1 Bf3
0-1

[Event "FH 6"]
[Site "SchemingMind.com"]
[Date "2022.08.03"]
[Round "-"]
[White "Phillip Beckett"]
[Black "Kenny Elliott"]
[Result "0-1"]
[WhiteCountry "ENG"]
[BlackCountry "USA"]
[WhiteElo "1490"]
[WhiteRD "55"]
[BlackElo "1523"]
[BlackRD "70"]
[GameID "725705"]

1. e4 c5 2. Nf3 d6 3. d4 Bg4 4. dxc5 Bxf3 5. gxf3 e5 6. cxd6 Bxd6 7. Bh3 Ne7 8. Bg5 Qb6 9. b3 Bc5 10. Qe2 Nbc6
11. O-O Nd4 12. Qd1 Qg6 13. c3 Qxg5+ 14. Bg2 Ne6 15. Qd2 Nf4
0-1

[Event "FH 6"]
[Site "SchemingMind.com"]
[Date "2022.08.03"]
[Round "-"]
[White "Phillip Beckett"]
[Black "Derek Price"]
[Result "0-1"]
[WhiteCountry "ENG"]
[BlackCountry "ENG"]
[WhiteElo "1490"]
[WhiteRD "55"]
[BlackElo "2376"]
[BlackRD "74"]
[GameID "725706"]

1. e4 c5 2. Nf3 d6 3. d4 cxd4 4. Nxd4 Nf6 5. Nc3 a6 6. Bg5 e6 7. f4 Be7 8. Qf3 Qc7 9. O-O-O Nbd7 10. Bd3 h6
11. Bh4 g5 12. fxg5 Ne5 13. Qe2 Nfg4 14. h3 hxg5 15. Bf2 Nxf2 16. Qxf2 Qc5 17. Rhf1 Bd7 18. Nb3 Qxf2 19. Rxf2 g4 20. hxg4 Nxg4
21. Rf3 Ne5 22. Rff1 Rg8 23. Rf2 Bg5+ 24. Kb1 Be3 25. Re2 Ba7 26. Rde1 Ke7 27. Nd2 Rg3 28. Nf3 Nxf3 29. gxf3 Rxf3 30. e5 d5
31. Nd1 Rg8 32. Nc3 Rg5 33. a3 Rf2 34. Rxf2 Bxf2 35. Rf1 Bd4 36. Ne2 Bxe5 37. Rg1 Rxg1+ 38. Nxg1 Kd6 39. Nf3 Bf4 40. c3 f5
41. Kc2 e5 42. Bf1 Be3 43. Ne1 e4 44. Ng2 Bg5
0-1

[Event "FH 6"]
[Site "SchemingMind.com"]
[Date "2022.08.03"]
[Round "-"]
[White "Gilligan"]
[Black "Phillip Beckett"]
[Result "1-0"]
[WhiteCountry "USA"]
[BlackCountry "ENG"]
[WhiteElo "1647"]
[WhiteRD "65"]
[BlackElo "1490"]
[BlackRD "55"]
[GameID "725707"]

1. e4 e5 2. Nf3 Nc6 3. Bb5 a6 4. Ba4 Nf6 5. d3 b5 6. Bb3 Be7 7. O-O d6 8. c3 O-O 9. Re1 Na5 10. Bc2 c5
11. Be3 Nc6 12. Nbd2 h6 13. h3 Bb7 14. Rc1 Nh7 15. Nf1 Ng5 16. N1h2 Nxf3+ 17. Qxf3 Bc8 18. d4 cxd4 19. cxd4 exd4 20. Bd2 Ne5
21. Qb3 Be6 22. Qb4 Nc6 23. Qa3 d5 24. Qf3 Rc8 25. e5 Bc5 26. Ng4 Bxg4 27. Qxg4 Nb4 28. Bxh6 g6 29. Bxg6 f5 30. Bxf5+
1-0

[Event "FH 6"]
[Site "SchemingMind.com"]
[Date "2022.08.05"]
[Round "-"]
[White "malcolm chugg"]
[Black "Phillip Beckett"]
[Result "1-0"]
[WhiteCountry "WLS"]
[BlackCountry "ENG"]
[WhiteElo "1215"]
[WhiteRD "55"]
[BlackElo "1490"]
[BlackRD "55"]
[GameID "725709"]

1. e3 e5 2. Nf3 e4 3. Nd4 c5 4. Nb3 d5 5. d3 exd3 6. cxd3 Nf6 7. Nc3 Nc6 8. a3 Be6 9. Na4 b6 10. Nc3 Be7
11. Be2 d4 12. Nb1 dxe3 13. fxe3 Ne5 14. O-O O-O 15. h3 Qc7 16. N1d2 Bd6 17. Nf3 Nxf3+ 18. Bxf3 Rad8 19. Rf2 Bg3 20. Rd2 Bxb3
21. Qxb3 h6 22. Rc2 Nd5 23. Bxd5 Bh2+ 24. Kf1 Qe5 25. Be4 Qf6+ 26. Bf3 Rfe8 27. Bd2 g5 28. Bc3 Be5 29. Rd1 Bxc3 30. Qxc3 Qxc3
31. bxc3 Rxe3 32. d4 cxd4 33. Rxd4 Rxd4 34. cxd4 Rxa3 35. Rc6 Kg7 36. d5 Rd3 37. d6 Kf6 38. Bg4 Kg7 39. d7 h5 40. Bf5 f6
41. Rc8
1-0

[Event "FH 6"]
[Site "SchemingMind.com"]
[Date "2022.08.06"]
[Round "-"]
[White "Transcendent"]
[Black "Phillip Beckett"]
[Result "1-0"]
[WhiteCountry "ENG"]
[BlackCountry "ENG"]
[WhiteElo "2178"]
[WhiteRD "68"]
[BlackElo "1511"]
[BlackRD "56"]
[GameID "725710"]

1. Nf3 Nf6 2. e3 d5 3. c4 e6 4. b3 c6 5. Bb2 Nbd7 6. d4 Be7 7. Bd3 O-O 8. O-O dxc4 9. bxc4 Bd6 10. e4 Be7
11. e5 Ne8 12. Qc2 c5 13. d5 exd5 14. cxd5 g6 15. Nbd2 Ng7 16. Rfe1 Bg5 17. Nxg5 Qxg5 18. Ne4 Qd8 19. Rad1 b6 20. Qc3 Ne8
21. e6 Ndf6 22. Nxf6+ Nxf6 23. e7
1-0

[Event "FH 6"]
[Site "SchemingMind.com"]
[Date "2022.08.03"]
[Round "-"]
[White "Phillip Beckett"]
[Black "kenneth m day"]
[Result "1-0"]
[WhiteCountry "ENG"]
[BlackCountry "USA"]
[WhiteElo "1518"]
[WhiteRD "55"]
[BlackElo "1568"]
[BlackRD "64"]
[GameID "725711"]

1. e4 e5 2. Nf3 d5 3. exd5 Bd6 4. d3 Nf6 5. c4 O-O 6. Be2 Nbd7 7. O-O Re8 8. Nc3 Nc5 9. Re1 Bg4 10. h3 Bd7
11. Bf1 c6 12. dxc6 Bxc6 13. Bg5 Qe7 14. a3 h6 15. Bxf6 Qxf6 16. Nd5 Qg6 17. Nh4 Qg5 18. Nf3 Qg6 19. b4 Ne6 20. b5 Bd7
21. Nh4 Qg5 22. Nf3 Qh5 23. Nh2 Rac8 24. Qxh5 Nd4 25. Ng4 Nc2 26. Ngf6+ gxf6 27. Qxh6 Be7 28. Nxe7+ Rxe7 29. Rac1 Nxe1 30. Rxe1 Bf5
31. Qxf6
1-0

[Event "FH 6"]
[Site "SchemingMind.com"]
[Date "2022.08.03"]
[Round "-"]
[White "krzysztof"]
[Black "Phillip Beckett"]
[Result "1/2-1/2"]
[WhiteCountry "POL"]
[BlackCountry "ENG"]
[WhiteElo "1515"]
[WhiteRD "81"]
[BlackElo "1490"]
[BlackRD "55"]
[GameID "725712"]

1. d3 d5 2. Nd2 e5 3. e4 dxe4 4. Nxe4 Nc6 5. Be3 Nf6 6. Bg5 Be7 7. Be3 Nxe4 8. dxe4 O-O 9. Bd3 Nb4 10. a3 Nxd3+
11. cxd3 Kh8 12. Nf3 c6 13. O-O Bg4 14. h3 Bxf3 15. Qxf3 Bg5 16. Bc5 Be7 17. Rac1 Bxc5 18. Rxc5 Qd4 19. Rc3 Rad8 20. Rd1 f6
21. Qe3 Rd7 22. Qxd4 Rxd4 23. f3 Rfd8 24. Kf2 R8d6 25. Ke3 b6 26. b4 a5 27. Rb1 axb4 28. axb4 h6 29. b5 c5 30. Ra1 Kh7
31. Ra7 Rd7 32. Ra8 Rb4 33. Rc8 Rxb5 34. f4 Rb7 35. fxe5 fxe5 36. Kf3 Rf7+ 37. Kg4 Rb2 38. g3 Rbf2 39. Re8 g6 40. Rxe5 R2f6
41. h4 Rf1 42. Rc2 h5+ 43. Kh3 Rh1+ 44. Rh2 Rxh2+ 45. Kxh2 Rd7 46. Rd5 Re7 47. Kg2 Re6 48. Kf3 Kg7 49. g4 hxg4+ 50. Kxg4 Kh6
51. h5 gxh5+ 52. Rxh5+ Kg6 53. Rh1 Rd6 54. Rd1 Rd4 55. Kf4 c4 56. Ke3 Rxd3+ 57. Rxd3 cxd3 58. Kxd3 Kf6 59. Kd4 Ke6 60. Kc4 Ke5
61. Kb5 Kxe4=
1/2-1/2